[Event "Ubeda"]
[Site "Ubeda"]
[Date "1997.02.08"]
[Round "2"]
[White "Jussupow, Artur"]
[Black "Lautier, Joel"]
[Result "0-1"]
[WhiteElo "2665"]
[BlackElo "2630"]
[Annotator "Lautier,J"]
[PlyCount "88"]
[EventDate "1997.02.07"]
[EventType "tourn"]
[EventRounds "11"]
[EventCountry "ESP"]
[EventCategory "16"]
[SourceTitle "CBM 058"]
[Source "ChessBase"]
[SourceDate "1997.06.01"]
[SourceVersion "1"]
[SourceVersionDate "1997.06.01"]
[SourceQuality "1"]

1. d4 {Ftacnik Huzman} d5 2. Nf3 e6 3. c4 dxc4 4. e3 Nf6 5. Bxc4 c5 6. O-O a6
7. Bb3 b5 8. a4 b4 9. Nbd2 Bb7 10. a5 (10. e4 {Ftacnik} cxd4 (10... Nxe4 $6 11.
Nxe4 Bxe4 12. Bg5 Qd7 13. Re1 Bd5 $8 14. dxc5 $16 Bxb3 15. Qxb3 Bxc5 $2 16.
Rad1 $18) 11. e5 Nfd7 $1 (11... Nd5 $6 12. Ne4 Be7 13. Bg5 O-O (13... f6 $2 14.
Nxd4 fxg5 15. Nxe6 {/\ Bd5+-}) 14. Nd6 $1 $16 Bc6 (14... Bxg5 15. Nxb7 Qe7 16.
Bxd5 exd5 17. Nd6 $16) 15. Bxe7 Nxe7 16. Ng5 $1 {><f7, h7} Bd5 (16... h6 $2 17.
Ngxf7 Rxf7 18. Bxe6 $18) 17. Qd3 $1 Ng6 18. Bxd5 exd5 19. f4 Nd7 20. Qh3 h6 21.
Ngxf7 $1 $18 {1-0 Lalic,B-Sadler,M/England/1995 (32)}) (11... Ne4 12. Nxe4 Bxe4
13. Bg5 $16 {/\ Re1}) 12. Nc4 Nc5 13. Bg5 $2 f6 $1 (13... Qc7 14. Nxd4 $14) 14.
exf6 gxf6 15. Nfe5 h5 $8 {-/+} 16. Ng6 (16. Bh4 Qd5 $1 17. Nf3 Rg8 18. Kh1 Nbd7
$1 $17) 16... Qd5 17. Nd6+ (17. f3 Qxg5 18. Nxh8 Nxb3 19. Qxb3 Bc5 $17 {
->, ^^ פh8; 20.Nb6!}) 17... Qxd6 18. Nxh8 Nxb3 (18... fxg5 $5 19. Qxh5+ Kd7
20. Bc4 Nc6 21. Nf7 $17) 19. Qxh5+ Kd7 20. Bxf6 Nxa1 $1 $19 {Slipak,
S-Spangenberg,H/Buenos Aires/1996/}) (10. Qe2 {Ftacnik} Nbd7 11. Rd1 Be7 12.
Nc4 O-O 13. dxc5 Qc7 14. Nb6 Rad8 15. Nxd7 Nxd7 16. Bd2 Nxc5 17. Bc4 a5 18. Nd4
Bf6 19. Be1 Qb6 20. f3 Bd5 21. Bf2 Bxc4 22. Qxc4 Rc8 {0-1 Kindl,P-Nenashev,A/
Groningen op (03)/1994 (31)}) (10. dxc5 {Ftacnik} Bxc5 11. Qe2 Nbd7 12. e4 Qc7
13. e5 Ng4 14. Nc4 O-O 15. Bf4 Bd5 16. Ncd2 Bxb3 17. Nxb3 Ngf6 18. exf6 Qxf4
19. Rad1 Rfd8 20. Rxd7 Bxf2+ 21. Rxf2 Rxd7 22. Ne5 {1-0 Bernal Moro,L-Durban
Piera,J/C. Villalba op (05)/1995/}) 10... Be7 (10... Nbd7 {Ftacnik} 11. Ba4 Be7
12. dxc5 Bxc5 13. Nb3 O-O 14. Ne5 Nxe5 15. Nxc5 Qc7 16. Nxb7 Qxb7 17. Qd4 Ng6
18. Bd2 Rab8 19. Rfd1 Rfd8 20. Qc4 Rdc8 21. Qe2 Ne4 22. Be1 {1/2-1/2 Piket,
Je-Lautier,J/Monaco m (02) 1996}) 11. Nc4 Nbd7 12. Nfe5 O-O 13. Qe2 Qc7 14. Bd2
Bd5 $1 $146 {A clear improvement over a recent game of Artur's. The Bd2
remains hemmed in, and that makes a noticeable difference. The black don't
fear the possibility of break in the centre,as they counted well the
consequences of the counterblow c5-c4.} (14... cxd4 $6 15. exd4 Bd5 16. Bg5 $14
Rad8 $6 17. Rac1 Qb7 18. f3 Qb5 19. Kh1 Rfe8 20. Qe3 Nxe5 21. dxe5 Nd7 22. Bxe7
Rxe7 23. Rfd1 Bxc4 24. Rxc4 $16 {Yusupov-Gonzalez Garcia, Anibal Open Linares
1997 (1-0,38)} (24. Rxc4 {Ftacnik} Rde8 25. Rc7 {1-0 Jussupow,A-Gonzalez
Garcia,J/Linares op (06)/1997 (39)})) (14... cxd4 $6 {Huzman Jussupow,
A-Gonzalez Garcia,J/Anibal op Linares 1997 (38)/1-0 [Huzman],and see opening
survey in this game}) 15. Nxd7 (15. Ba4 $6 Nxe5 16. Nxe5 (16. dxe5 $2 Bxc4 17.
Qxc4 Qxe5 $17) 16... cxd4 17. exd4 Qb7 $15) 15... Nxd7 16. e4 {This central
thrust is what must have scared away Garcia G. My pre-game analysis convinced
me Black was in perfect shape here.} (16. dxc5 {Ftacnik} Nxc5 $15) 16... Bxc4 (
16... Bb7 {Huzman} 17. d5 $16 (17. Rac1 $11 {Ftacnik}) 17... exd5 18. exd5 Rfe8
19. Qf3 Ne5 20. Qg3) 17. Qxc4 (17. Bxc4 {Ftacnik} cxd4 18. Bxa6 Nc5 19. Rfc1
Rfb8 $15) 17... Qb7 18. d5 (18. dxc5 {Ftacnik} Nxc5 19. Qxb4 (19. Bxb4 Nxb3 20.
Bxe7 Rfc8 $17) 19... Rab8 20. Qxb7 Rxb7 21. Bc4 Rxb2 $11) 18... Ne5 19. Qe2 c4
$1 $11 (19... Qb5 $2 {is over-ambitious} 20. Qh5 $1 (20. Qxb5 axb5 21. dxe6 c4
$44) 20... Ng6 21. dxe6 c4 22. exf7+ Rxf7 23. Bd1 $1 $16) 20. Bxc4 (20. Bc2 $6
Bc5 $1 {is the best to secure the N on e5.} (20... Rad8 $6 21. f4 Nd3 22. Bxd3
cxd3 23. Qxd3 exd5 24. e5 $14 {/\ f5-f6}) (20... exd5 $6 21. exd5 Qxd5 22. Be4
Qb5 23. Bxa8 Rxa8 24. Bf4 Bf6 25. Bxe5 Bxe5 26. Rfe1 Re8 (26... Bf6 27. Rac1
$14) 27. Kh1 $14) (20... b3 $17 {Huzman}) 21. dxe6 (21. Bf4 $6 Ng6 22. Bg3 (22.
Qxc4 $4 Rac8 $19) 22... exd5 23. exd5 Qxd5 24. Rad1 (24. Be4 Qe6 $15) 24... Qc6
$15 {/\} 25. Be4 Rae8) (21. Be3 Qa7 22. Bxc5 Qxc5 23. Rfd1 Rad8 $15 (23... b3
$5)) 21... fxe6 {/\ Bd4} 22. Be3 Qa7 $15) 20... Nxc4 21. Qxc4 exd5 22. exd5 (
22. Qxd5 Qxd5 23. exd5 Rfd8 (23... Rad8 {Ftacnik} 24. Ra4 Rxd5 25. Bxb4 Bxb4
26. Rxb4 Rxa5 $11) 24. Rfe1 Rxd5 25. Rxe7 Rxd2 26. Rae1 g6 (26... Kf8 {Huzman}
27. b3 Rd3 28. R7e3 $11) 27. R7e2 Rad8 28. g3 Rxe2 29. Rxe2 Rd5 30. Re4 $11)
22... Rfd8 23. Rfc1 (23. Rfe1 Qxd5 (23... Rac8 {Huzman} 24. Qe4 Rxd5 $15 (24...
Qxd5 25. Bxb4)) 24. Qxd5 Rxd5 $11 (24... Rxd5 {Ftacnik} 25. Rxe7 Rd3 $15))
23... Rxd5 (23... Qxd5 $2 24. Bxb4) 24. Be1 $6 {/\ Qc6} (24. Be3 Bf8 (24... Bf6
25. Qb3 Rb5 (25... Rad8 $2 26. Bb6 Rg5 27. g3 Rd2 $2 28. Rc7 $18) 26. Bb6 Rc8
27. Qf3 Qd7 28. Rxc8+ Qxc8 29. Rd1 $11) (24... Bd8 25. Bb6 (25. Bc5 Rc8 26. Qe2
(26. Qxb4 $2 Rdxc5 27. Rxc5 Qxb4 28. Rxc8 Qd2 $19) 26... Bg5 $15) 25... Bxb6
26. axb6 Rb5 27. Qc6 Rxb6 28. Qxb7 Rxb7 29. Rxa6 $11) (24... Bf6 $15 {Huzman})
25. Bb6 Re8 26. h3 $11) 24... Re5 {>< Be1, /\ Bc5} (24... Bc5 $142 $1 $36 {/\}
25. Qe4 $2 Bxf2+ $1 26. Kxf2 (26. Bxf2 Rd1+ $19) 26... Rd2+ 27. Kf3 Rd3+ 28.
Kf4 g5+ 29. Kf5 Rd5+ $19) 25. Rc2 {/\ Qc6, /\ Re2} (25. Qc6 $4 Rxe1+ $19) (25.
Bd2 $142 $1 {/\ Re1, /\ Be3}) (25. f3 $142 $5 {[%cal Ge1g3] Huzman}) 25... Bc5
26. Re2 (26. Rd1 {Ftacnik} Rae8 $15) 26... Rae8 27. Rxe5 Rxe5 28. Bd2 {/\ Re1}
(28. Rd1 Bf8 $5 $15) 28... Rf5 29. Rf1 (29. Be3 {Ftacnik} Bxe3 30. fxe3 Rd5 $15
) 29... h6 30. h4 $6 {/\ Bh6!, >< h4} (30. Kh1 $6 Bf8 $1 {>< a5, f2}) (30. h3 {
/\ Bf4} Qd5 (30... Be7 31. Qg4 $11) (30... Kh7 31. Be3 $1 Bxe3 32. fxe3 Rxf1+ (
32... Rxa5 33. Rxf7) 33. Kxf1 $11) (30... Bf8 31. Re1 (31. Ra1 $5 {/\ Be3})
31... Rxa5 (31... Qd5 32. Qc2 Qxa5 33. Re8 Re5 34. Rb8 $44) 32. Re8 Rb5 33.
Bxb4 Rxb4 34. Qc5 $11) (30... Rd5 31. Bf4 Be7 {/\ Bd8} 32. Re1 $11 (32. Qc7 $6
Qxc7 33. Bxc7 Rd2 34. Re1 Bc5 35. Bb6 Bd6 $1 36. b3 Rb2 $15) 32... Rxa5 $4 33.
Qc7 $18) 31. Qxa6 Rxf2 32. Rxf2 Bxf2+ 33. Kxf2 Qxd2+ 34. Kg3 (34. Qe2 Qd4+ 35.
Kf1 Qf4+ 36. Kg1 Qc1+ 37. Kh2 Qc7+ 38. g3 Qxa5 39. Qe8+ Kh7 40. Qxf7 $11) 34...
Qxb2 35. Qc8+ Kh7 36. Qf5+ Kg8 37. Qc8+ $11) 30... Rd5 31. Qe4 $6 (31. Bf4 Be7
32. Re1 Bxh4 (32... Rxa5 $4 33. Qc7 Qxc7 34. Bxc7 $18) 33. Bxh6 (33. Re8+ Kh7
34. Qe4+ (34. Bxh6 Qd7 $1 35. Be3 Rd1+ 36. Kh2 Qxe8 37. Qc2+ g6 38. Qxd1 Qe5+
39. Kh3 Bf6 $17 {Fritz4}) 34... f5 35. Qe6 Rd1+ (35... Rxa5 $2 36. Be5 $16) 36.
Kh2 Qd5 37. Qc8 Bd8 (37... Bf6 38. Rh8+ Kg6 39. Qe8+ (39. Bxh6 $2 Qe5+ 40. f4
Qe1 $19) 39... Qf7 40. Qe3 $132 {/\ Bh6, /\ Qg3}) 38. Re5 Qd7 39. Qxd7 Rxd7 40.
Rxf5 Bf6 41. b3 Rd3 42. Rc5 Rxb3 43. Rc6 Ra3 $17) 33... Bxf2+ 34. Kxf2 gxh6 35.
Re8+ Kg7 36. Qg4+ Rg5 37. Qd4+ f6 38. g4 $15) 31... Qb5 $1 32. Be3 (32. Qxd5 $4
Bxf2+ 33. Rxf2 Qxd5 34. Bxb4 $2 Qd1+ 35. Kh2 Qd4 36. Be1 Qe5+ $19) (32. Bf4 $6
Qxa5 33. Qe8+ Bf8 $17 {/\ Rd8}) 32... Bxe3 33. fxe3 (33. Qxe3 $2 Re5 (33...
Qxa5 $2 34. Qe8+ $11) 34. Qf4 Qxa5 35. Rc1 Re8 (35... Re7 36. Rc8+ Kh7 37. Rb8
Qa1+ 38. Kh2 Qxb2 39. Qf5+ g6 40. Qc8 Qg7 41. Rxb4 $15) 36. Rc7 Rf8 37. Rb7
Qa1+ 38. Kh2 Qxb2 39. Rxb4 Qa2 40. Ra4 Qe6 $17) 33... Re5 34. Qa8+ (34. Qf4 {
Huzman} f6 $17) 34... Re8 35. Qa7 f6 $6 (35... Rf8 $6 36. Qc7 (36. Qb6 $2 Qxb6
37. axb6 Rb8 $17) 36... Qe2 37. Qe5 $11 {/\ Qd4}) (35... Qd5 $6 36. Qxa6 Rxe3
37. Qc8+ Kh7 38. Qf5+ Qxf5 39. Rxf5 $11) (35... Qc4 $1 36. Rf4 Qb3 37. Rf3 Qd1+
38. Kh2 Qd6+ 39. Kg1 f6 $15) 36. Rd1 $4 $138 (36. Rf3 $1 Rd8 (36... Qxa5 $6 37.
Rg3 g5 38. hxg5 hxg5 39. Rh3 Qf5 40. Qxa6 $11) (36... Kh8 37. Rg3 Rg8 38. Qc7
$11) 37. Rg3 Rd7 (37... Rd1+ 38. Kh2 Rd7 39. Qa8+ Kh7 40. Qe8 $11) 38. Qa8+ Kh7
39. Qe4+ f5 40. Qe6 $11) (36. Qb6 $142 {Huzman} Qxb6 (36... Qe2 37. Qxb4 Qxe3+
38. Rf2 (38. Kh2 Re4 39. Qb8+ Kh7 40. Qg3 Qd4 $19) 38... Re4 39. Qd2 $1 Qxd2
40. Rxd2 Rxh4 41. Rd6 Rh5 42. b4 Rh4 43. Rb6 $132 {[%csl Yb4][%cal Gg1f2,Gf2e3,
Ge3d3,Gd3c3]}) 37. axb6 Rb8 $17 {/-+}) 36... Qe2 $19 37. Qd4 (37. Rd7 Qe1+ 38.
Kh2 Qxh4+ 39. Kg1 Qg3 $19) 37... Rxe3 (37... Qxe3+ {Ftacnik} 38. Qxe3 Rxe3 39.
Rd6 Rb3 40. Rxa6 Rxb2 41. Rb6 $15) 38. Rf1 (38. Rc1 {Huzman} Kh7 $19) 38... Re4
39. Qd5+ Kh8 40. Qf5 Qe3+ 41. Rf2 Rc4 (41... Rxh4 $6 {Huzman} 42. Qc8+ Kh7 43.
Qf5+ Kg8 44. Qc8+ Kf7 45. Qb7+ Kg6 (45... Qe7 {Ftacnik} 46. Qxa6 $17) 46. Qxa6
Rf4 $19) 42. b3 (42. Qf3 {Ftacnik} Qxf3 43. Rxf3 Rxh4 $19) 42... Qxb3 43. Re2
Qd1+ 44. Kf2 (44. Qf1 {Ftacnik} Qxf1+ 45. Kxf1 Rxh4 $19) 44... Qd4+ (44... Qd4+
{Ftacnik} 45. Re3 Rc3 $19) 0-1

[Event "Las Palmas"]
[Site "Las Palmas"]
[Date "1994.??.??"]
[Round "2"]
[White "Morovic Fernandez, Ivan"]
[Black "Lautier, Joel"]
[Result "0-1"]
[WhiteElo "2605"]
[BlackElo "2625"]
[Annotator "Lautier,J"]
[PlyCount "54"]
[EventDate "1994.05.??"]
[EventType "tourn"]
[EventRounds "9"]
[EventCountry "ESP"]
[EventCategory "17"]
[SourceTitle "CBM 042"]
[Source "ChessBase"]
[SourceDate "1994.10.01"]
[SourceVersion "1"]
[SourceVersionDate "1994.10.01"]
[SourceQuality "1"]

1. d4 {Ftacnik} Nf6 2. c4 e6 3. Nf3 d5 4. e3 dxc4 5. Bxc4 c5 6. O-O a6 7. a4
Nc6 8. Qe2 Qc7 9. Nc3 Bd6 10. Rd1 O-O 11. h3 b6 12. d5 exd5 13. Bxd5 Bb7 14. e4
Rae8 15. Bg5 Nd4 16. Nxd4 Nxd5 17. Nxd5 Bxd5 18. Nf5 Rxe4 19. Qh5 (19. Qd3 $2
Bh2+ (19... Re5 $2 20. Bf4 $1 $16) 20. Kh1 Bb7 (20... Re5 $4 21. Ne7+ $18) 21.
Be7 Re8 22. Bd6 Bxd6 (22... Qc6 $4 23. Kxh2 Rg4 24. f3 $18) 23. Nxd6 Rd8 $1 $17
) 19... f6 $1 $146 (19... Rfe8 $2 20. Nxg7 $1 R8e5 21. Qh6 $1 (21. f4 $2) (21.
f4 $2 {Ftacnik} Rxf4 22. Ne8 Qc6 23. Nxd6 h6 $3 (23... f6 24. Re1 $3 {1-0/
Portisch,L-Radulov,I/Nice ol/1974/} Rd4 (24... Qxd6 25. Bxf4 $18) (24... Rxg5
25. Re8+ Kg7 26. Re7+ Kf8 27. Rf7+ $18) 25. Rxe5 fxe5 26. Nf5 $18) 24. Qxh6 Re2
$1 $19 25. Ne4 (25. Bxf4 Rxg2+ 26. Kf1 Bc4+ 27. Nxc4 Qf3+) 25... Rfxe4 26. Kh1
Rh4 27. Qxh4 Rxg2 28. Ra3 Rxg5+ {0-1/Jacoby,G-Radulov,I/Hamburg/1984/}) 21...
Bf8 22. Bf6 Qc6 23. Rd3 Re1+ 24. Kh2 $1 (24. Rxe1 $2 Rxe1+ 25. Kh2 Bxg2 $17)
24... Bxg2 25. Rg3 $18) (19... Bh2+ $6 20. Kh1 Bb3 21. Rd3 Bc2 22. Rf3 Rfe8 23.
g3 g6 24. Qh6 f6 25. Bxf6 Re1+ 26. Rxe1 Rxe1+ 27. Kxh2 Bxf5 28. Bc3 Re8 29. Kg1
$16 {/\ g4}) 20. Bh6 (20. Bxf6 Rxf6 21. Rxd5 Bh2+ 22. Kh1 Re5 $1 23. Rxe5 Qxe5
$15) (20. Rxd5 Bh2+ 21. Kh1 fxg5 22. Qxg5 Bf4 23. Qg4 (23. Nh6+ $4 Kh8 24. Rf5
Rfe8 $19) 23... Rfe8 24. g3 Bc1 $1 $15) (20. Nxd6 $1 Qxd6 21. Bxf6 Qxf6 22.
Qxd5+ Qe6 $10) 20... Rfe8 21. Bxg7 $2 (21. Nxg7 Bh2+ $1 (21... R8e5 $6 22. Nf5
Qd7 23. g4 $14) 22. Kh1 R8e5 23. Nf5 Qd7 24. Qf3 $1 $8 (24. Kxh2 $2 Rxf5 $19)
24... Qxf5 (24... Re1+ $4 25. Kxh2 Bxf3 26. Rxd7 Rxa1 27. Rg7+ Kh8 28. Rf7 $18)
25. Qxf5 Rxf5 26. Kxh2 Re2 27. Be3 a5 $15) 21... Bf7 $2 (21... Bh2+ $1 22. Kh1
Bf7 23. Qh6 {see the game} (23. Nh6+ Kxg7 24. Qxf7+ Qxf7 25. Nxf7 Kxf7 26. Kxh2
Re2 $17)) 22. Qh6 $2 (22. Nh6+ $8 Kxg7 23. Qxf7+ Qxf7 24. Nxf7 Kxf7 25. Rxd6
Rb4 (25... R8e6 26. Rd7+ $10) 26. a5 $1 bxa5 27. Rxa5 Re1+ 28. Kh2 Rxb2 29.
Rxc5 Rxf2 30. Rc7+ Kg6 31. Rdd7 $10) 22... Bh2+ 23. Kh1 Bg6 $1 $19 24. Bxf6
Bxf5 25. g3 Re2 26. Qg5+ (26. Kxh2 {Ftacnik} Rxf2+ 27. Kh1 Qc6+ $19) 26... Bg6
27. Rf1 (27. Kxh2 Rxf2+ 28. Kg1 Rxf6 29. Qxf6 Qxg3+ 30. Kf1 Rf8 31. Rd8 Bd3+
$19) (27. Qd5+ Qf7 28. Qxf7+ Kxf7 $19) 27... Bxg3 $1 (27... Bxg3 28. Qd5+ (28.
fxg3 Qc6+ $19) 28... Qf7 29. Qxf7+ Kxf7 30. fxg3 Be4+ $19 (30... Be4+ {Ftacnik}
31. Kg1 Rg2+ $19)) 0-1

[Event "Amsterdam Euwe Memorial"]
[Site "Amsterdam"]
[Date "1995.05.14"]
[Round "3"]
[White "Piket, Jeroen"]
[Black "Lautier, Joel"]
[Result "0-1"]
[WhiteElo "2670"]
[BlackElo "2655"]
[Annotator "Lautier,J"]
[PlyCount "104"]
[EventDate "1995.05.12"]
[EventType "tourn"]
[EventRounds "6"]
[EventCountry "NED"]
[EventCategory "18"]
[SourceTitle "CBM 047"]
[Source "ChessBase"]
[SourceDate "1995.08.01"]
[SourceVersion "1"]
[SourceVersionDate "1995.08.01"]
[SourceQuality "1"]

1. d4 d5 2. c4 dxc4 3. e3 Nf6 4. Bxc4 e6 5. Nf3 c5 6. O-O a6 7. Bb3 Nc6 8. Qe2
cxd4 9. Rd1 d3 10. Rxd3 Qc7 11. Nc3 Bc5 $1 12. a3 (12. Bd2 $4 Nb4 $19) (12. e4
$2 Ng4 13. Nd1 Nd4 $1 14. Rxd4 Bxd4 15. h3 h5 $1 16. Bg5 Bf6 17. Rc1 (17. hxg4
hxg4 18. Bxf6 gxf6 $19) 17... Qe7 18. Bxf6 Nxf6 $17) (12. h3 $5 {/\ e4}) 12...
O-O 13. Bd2 b5 14. Rc1 Qb6 15. e4 (15. h3 Bb7 16. e4 Rad8 $10) 15... Ng4 16.
Nd1 Bb7 (16... Nge5 $6 17. Nxe5 Nxe5 18. Rh3 $40) 17. Ng5 $6 (17. Rdc3 Bd6 18.
h3 Nge5 19. Be3 Qc7 20. Nd4 Rac8 $10 21. Bxe6 $6 (21. f4 $6 Nxd4 22. Bxd4 Nc6
$15) 21... fxe6 22. Nxe6 Qe7 23. Nxf8 Rxf8 $15 {/\ Nc4}) (17. e5 Rad8 18. Bc2
$1 (18. Rxd8 Rxd8 19. h3 $2 Ngxe5 20. Nxe5 Nd4 $1 21. Qh5 g6 $17) (18. Rdc3 Bd4
19. Nxd4 Qxd4 20. Bg5 Rc8 21. Be3 Nxe3 22. Rxe3 Rfd8 $15) 18... Rxd3 19. Bxd3 (
19. Qxd3 $6 Bxf2+ 20. Kh1 (20. Nxf2 Qxf2+ 21. Kh1 g6 $15) 20... g6 $15) 19...
Rd8 20. Be4 $13) 17... Nce5 18. Rg3 $6 (18. Rdc3 Bd4 19. Rg3 Nf6 $15) 18...
Rad8 $3 $17 {/\ Nf2} (18... Nf6 $6 19. Bc3 Bd6 (19... Bd4 $2 20. Bxd4 Qxd4 21.
Rc7 Qb6 22. Nxe6 $16) 20. Kh1 $36 {/\ f4}) (18... Rfd8 19. Nxf7 $5 {J.Piket} (
19. Rxg4 Rxd2 $1 (19... Nxg4 $2 20. Qxg4 Rxd2 21. Qh5 Bxf2+ 22. Kh1 Bd4 23.
Qxh7+ Kf8 24. Qh5 $1 g6 25. Qf3 $40) 20. Qxd2 Nxg4 21. Qf4 Nf6 22. e5 Qc6 23.
Nf3 Ne4 $15) 19... Kxf7 20. Rxg4 Nxg4 21. Qxg4 $44 {/\ Qf5} Rxd2 $2 22. Qf4+
$16) 19. Rxc5 $8 (19. Ba5 $2 Rxd1+ 20. Bxd1 Bxf2+ 21. Kh1 Qxa5 $19) (19. Bc3 $2
Rxd1+ $19) 19... Qxc5 (19... Rxd2 $2 20. Qxd2 Qxc5 21. Nxe6 fxe6 22. Bxe6+ Kh8
23. Bxg4 $16) 20. Bb4 (20. Nxe6 fxe6 21. Bxe6+ Kh8 22. Bxg4 Qc2 $1 23. Be3 (23.
Bc3 $2 Rxd1+ $1 24. Qxd1 Qxf2+ 25. Kh1 Qf1+ $19) 23... Bxe4 $17) 20... Qc1 21.
Bxf8 (21. Rxg4 Nxg4 (21... Rd3 $2 22. Nxh7 $3 {/\ Nf6, Rh4+-} (22. Rg3 $2 Rfd8
23. Rxd3 Rxd3 24. Bc3 Qxg5 25. Bxe5 Rxb3 $19 26. Qc2 Qxe5 27. Qxb3 Qxe4 $19) (
22. Bxf8 $2 Rxb3 {/\ Rd3} 23. Rg3 (23. Nxe6 Rd3 $1 (23... fxe6 $2 24. Bxg7 (24.
Rxg7+ $2 Kxf8 25. Rxb7 Rd3 $19) 24... Nxg4 25. Qxg4 $13) 24. Rxg7+ Kh8 $19)
23... Rxb2 24. Qh5 (24. Qf1 Rb1 $19) 24... Rd2 25. Qxh7+ Kxf8 26. Nxe6+ Ke7 $19
) 22... Nxg4 (22... Rfd8 $2 23. Nf6+ $18) (22... Kxh7 23. Bxf8 $18) 23. Qxd3
Rc8 24. Qg3 $16) 22. Qxg4 (22. Bxf8 $2 Qxg5 $19) 22... Rd3 $1 23. Bxf8 (23. Bc3
$2 Rfd8 $19) (23. Nxe6 $2 fxe6 24. Bxf8 Kxf8 $19) 23... Kxf8 $1 24. Nxf7 (24.
Nxh7+ Ke8 $19) (24. h4 Rxb3 25. Qh5 g6 26. Qxh7 Qxd1+ 27. Kh2 Qd7 $19) (24. Qh5
g6 25. Qh6+ (25. Nxh7+ Kg7 $19) 25... Ke7 26. h4 Rxb3 $19) 24... Rxb3 25. Ne5 (
25. Ng5 Rd3 26. Nxe6+ Ke7 $19) 25... Bxe4 $17) 21... Qxg5 22. Bb4 Qf4 23. Ne3 (
23. f3 Nf6 $17 {>< Rg3}) 23... Nf6 24. Be7 Rd7 $6 (24... Rd4 $1 25. Bc5 Rd7 $17
(25... Rxe4 $2 26. Bc2) (25... Nxe4 26. Rxg7+)) 25. Bxf6 Qxf6 26. Nf1 $1 $15 (
26. Ng4 Nxg4 27. Rxg4 Qd4 $17 {/\ Qd2}) 26... h6 27. Rc3 Ng6 28. g3 $2 $138 (
28. f3 Nf4 29. Qe3 $15) 28... Qd4 29. Bc2 Ne5 30. h3 Kh8 $1 {/\ f5} (30... f5
$6 31. Bb3 $1 $132) 31. Qe3 Nc4 32. Qxd4 Rxd4 33. f3 Nxb2 34. Rc7 Rc4 $19 35.
Rxb7 Rxc2 36. Rxf7 Rc3 37. f4 Nc4 38. Re7 Rxa3 39. Rxe6 b4 40. Rc6 Rc3 41. e5
Nxe5 $1 42. Rxc3 bxc3 43. Ne3 Nd3 44. Kf1 a5 45. Ke2 Nb4 46. Nc4 a4 47. f5 Kg8
48. g4 Kf7 49. Nd6+ Kf6 50. Ne4+ Ke5 51. Nxc3 a3 52. Kf3 a2 0-1

[Event "EU-ch 13th"]
[Site "Plovdiv"]
[Date "2012.03.27"]
[Round "7"]
[White "Laznicka, Viktor"]
[Black "Edouard, Romain"]
[Result "1-0"]
[WhiteElo "2702"]
[BlackElo "2607"]
[Annotator "Let's Check Training"]
[PlyCount "47"]
[EventDate "2012.03.20"]
[EventType "swiss"]
[EventRounds "11"]
[EventCountry "BUL"]
[SourceTitle "CBM 148"]
[Source "ChessBase"]
[SourceDate "2012.05.16"]
[SourceVersion "1"]
[SourceVersionDate "2012.05.16"]
[SourceQuality "1"]

1. d4 d5 2. c4 dxc4 3. Nf3 Nf6 4. e3 e6 5. Bxc4 a6 6. O-O c5 7. Bb3 Nc6 8. Nc3
cxd4 9. exd4 Be7 10. Bg5 O-O 11. Qd2 Na5 12. Bc2 b5 13. Rad1 Bb7 14. d5 Bxd5
15. Nxd5 exd5 16. Rfe1 Nc6 17. Qf4 Nh5 18. Qh4 Bxg5 19. Qxh5 h6 20. h4 Be7 21.
Rxd5 Qb6 22. Qf5 g6 23. Qf4 Rad8 (23... Kg7 24. Rd7 Ra7 $18) {[%tqu "En","","",
"","d5h5","",10]} 24. Rh5 $3 $18 1-0

[Event "Berliner Sommer 05th"]
[Site "Berlin West"]
[Date "1987.08.16"]
[Round "9"]
[White "Lieb, Harald"]
[Black "Sapi, Laszlo"]
[Result "0-1"]
[WhiteElo "2305"]
[BlackElo "2370"]
[Annotator "Lieb,H"]
[PlyCount "28"]
[EventDate "1987.08.08"]
[EventType "swiss"]
[EventRounds "9"]
[EventCountry "GER"]
[SourceTitle "EXT 2013"]
[Source "ChessBase"]
[SourceDate "2012.11.22"]
[SourceVersion "1"]
[SourceVersionDate "2012.11.22"]
[SourceQuality "1"]

1. d4 d5 2. c4 dxc4 3. Nf3 Nf6 4. Nc3 c5 5. e3 e6 6. Bxc4 Nc6 7. O-O a6 8. a4
Be7 9. Qe2 O-O 10. Rd1 Qc7 11. dxc5 $2 (11. b3) ({oder} 11. d5) 11... Bxc5 12.
e4 $2 (12. Bd2) 12... Ng4 13. Rf1 Nd4 14. Nxd4 Qxh2# 0-1